|
|
|
|
| LEADER |
00000nab a2200000 a 4500 |
| 001 |
vtls000606041 |
| 003 |
SK-MaSNL |
| 005 |
20260304092446.0 |
| 008 |
250425c1996 xo 0 slo |
| 015 |
|
|
|a SNBRB19rr/mm-uuuuu
|
| 035 |
|
|
|a CL0606180
|
| 035 |
|
|
|a urn:nbn:sk:snk-abft2
|
| 035 |
|
|
|a (urnnbn)urn:nbn:sk:snk:ar-a03uh4
|
| 035 |
|
|
|a (uuid)47566090-3235-4844-9fda-90d1e10a349d
|
| 040 |
|
|
|a SNKBUCL
|b slo
|c SNKBUCL
|e AACR2
|
| 041 |
0 |
|
|a eng
|
| 044 |
|
|
|a xo
|c SK
|
| 080 |
|
|
|a 624.5.042:624.042:539.3:519.2
|2 1981
|
| 080 |
|
|
|a 624.042
|2 1981
|
| 080 |
|
|
|a 539.3
|2 1981
|
| 080 |
|
|
|a 519.2
|2 1981
|
| 100 |
1 |
|
|a Florian, Aleš
|4 aut
|9 1183602
|
| 245 |
1 |
0 |
|a Stochastical and Rheological Study of the Cable Stayed Bridge
|c Aleš Florian, Jaroslav Navrátil
|
| 300 |
|
|
|b Obr. 11, res. angl., lit. 11 zázn. v angl., češ.
|
| 650 |
0 |
7 |
|a zavesené mosty
|2 snkbucl
|9 79595
|
| 650 |
0 |
7 |
|a spoľahlivosť
|2 snkbucl
|9 288968
|
| 655 |
|
7 |
|a články z novín a časopisov
|2 snkbucl
|9 267496
|
| 700 |
1 |
|
|a Navrátil, Jaroslav
|4 aut
|9 441380
|
| 773 |
0 |
|
|t Building research journal
|g Roč. 44, č. 2 (1996), s. 91-111
|
| 850 |
|
|
|a Slovenská národná knižnica
|
| 852 |
|
|
|a Slovenská národná knižnica
|
| 958 |
|
|
|a article27
|
| 958 |
|
|
|a NB
|
| 958 |
|
|
|a CZ
|
| 958 |
|
|
|a RK
|
| 958 |
|
|
|a OND
|
| 958 |
|
|
|a EUIPO
|
| 992 |
|
|
|a RBX
|
| 999 |
|
|
|c 2819172
|d 2821102
|